000 00351nam a2200133Ia 4500
008 240624s9999 xx 000 0 und d
041 _aeng
082 _a302.35 ROB
100 _aROBBINS STEPHEN P
245 _aORGANIZATIONAL BEHAVIOR
250 _a(13th ed.)
260 _c2009
_aNew Delhi
_bPearson Education
300 _axxxv, : 782 : p. : cm. ; 27
999 _c20368
_d20368